000 00355nam a2200133Ia 4500
008 240624s9999 xx 000 0 und d
041 _aeng
082 _a302.35 JEX
100 _aJEX STEVE M
245 _aORGANIZATIONAL PSYCHOLOGY A SCIENTIST PR
260 _c2006
_aNew York
_bJohn Wiley & Sons
300 _axi, : 540 : p. : cm. ; 24
365 _cRS
_b32
999 _c19388
_d19388